[Event "International Championship of Central Serbia 2015 - OPEN A"]
[Site "Paracin"]
[Date "2015.07.08"]
[Round "7.1"]
[White "Damljanovic, Branko"]
[Black "Kosic, Dragan"]
[Result "1-0"]
[WhiteElo "2565"]
[BlackElo "2487"]
[PlyCount "93"]
[EventDate "2015.07.03"]

1. c4 e6 2. Nf3 Nf6 3. g3 d5 4. b3 c5 5. Bg2 d4 6. e3 Nc6 7. exd4 cxd4 8. O-O
Bd6 9. d3 O-O 10. Bg5 h6 11. Bxf6 Qxf6 12. a3 a5 13. Ne1 e5 14. Nd2 Qe7 15. Nc2
Be6 16. Re1 Rae8 17. Ne4 Bc7 18. b4 axb4 19. axb4 Nxb4 20. Nxb4 Qxb4 21. Rb1
Qe7 22. Rxb7 Rb8 23. Ra7 Rb4 24. Qh5 Qd8 25. Nc5 Bc8 26. Bd5 Qd6 27. Ne4 Qb6
28. Ra8 Bb8 29. g4 Rb1 30. Rxb1 Qxb1+ 31. Kg2 Bb7 32. Bxb7 Qxb7 33. Ra5 Qb1 34.
Qf5 Qb6 35. Rb5 Qc6 36. h4 g6 37. Qf6 Qd7 38. Qf3 Kg7 39. g5 hxg5 40. hxg5 Qf5
41. Rb7 Rc8 42. Rb6 Kf8 43. Qg3 Bc7 44. Rf6 Qd7 45. Qh4 Qe8 46. Qh7 Bb8 47.
Qxg6 1-0

[Event "International Championship of Central Serbia 2015 - OPEN A"]
[Site "Paracin"]
[Date "2015.07.08"]
[Round "7.2"]
[White "Fernandez, Daniel Howard"]
[Black "Sedlak, Nikola"]
[Result "1/2-1/2"]
[WhiteElo "2472"]
[BlackElo "2537"]
[PlyCount "84"]
[EventDate "2015.07.03"]

1. e4 e6 2. d4 d5 3. Nd2 a6 4. Ngf3 c5 5. dxc5 Bxc5 6. Bd3 Nc6 7. O-O Nge7 8.
exd5 Nxd5 9. Re1 O-O 10. Ne4 Be7 11. c3 Qc7 12. Qc2 h6 13. Ng3 Nf6 14. Bd2 b6
15. Rad1 Bb7 16. a3 Rfd8 17. Ne4 Ng4 18. Bc1 Rd5 19. h3 Nge5 20. Nxe5 Nxe5 21.
Bf1 Rad8 22. Rxd5 Rxd5 23. Ng3 Qc6 24. Rd1 b5 25. Rxd5 Qxd5 26. a4 Bc5 27. axb5
axb5 28. Qd2 Nc4 29. Qxd5 Bxd5 30. Bd3 f5 31. Ne2 Kf7 32. Nd4 b4 33. Bxc4 Bxc4
34. Nc6 Bb5 35. Nxb4 Bxb4 36. cxb4 e5 37. Be3 f4 38. Bc5 g5 39. f3 Ke6 40. h4
Kf5 41. Bf8 gxh4 42. Bxh6 e4 1/2-1/2

[Event "International Championship of Central Serbia 2015 - OPEN A"]
[Site "Paracin"]
[Date "2015.07.08"]
[Round "7.3"]
[White "Kozhuharov, Spas"]
[Black "Banusz, Tamas"]
[Result "1/2-1/2"]
[WhiteElo "2460"]
[BlackElo "2582"]
[PlyCount "63"]
[EventDate "2015.07.03"]

1. d4 d5 2. c4 e6 3. Nc3 c6 4. Nf3 Nf6 5. Bg5 dxc4 6. e4 b5 7. e5 h6 8. Bh4 g5
9. Nxg5 hxg5 10. Bxg5 Be7 11. exf6 Bxf6 12. Bxf6 Qxf6 13. g3 Na6 14. Bg2 Bb7
15. Nxb5 O-O-O 16. Na3 Rxd4 17. Qf3 Qe5+ 18. Qe3 Qa5+ 19. Qc3 Qe5+ 20. Qe3 Qa5+
21. Qc3 Nb4 22. O-O Qh5 23. h4 c5 24. Nb5 Bxg2 25. Nxd4 cxd4 26. Qxb4 Bd5 27.
f3 Qg6 28. Kh2 Qc2+ 29. Kh3 Qf5+ 30. Kg2 Rxh4 31. gxh4 Qg4+ 32. Kh2 1/2-1/2

[Event "International Championship of Central Serbia 2015 - OPEN A"]
[Site "Paracin"]
[Date "2015.07.08"]
[Round "7.4"]
[White "Atalik, Suat"]
[Black "Petrov, Vladimir Sergeev"]
[Result "1/2-1/2"]
[WhiteElo "2564"]
[BlackElo "2307"]
[PlyCount "83"]
[EventDate "2015.07.03"]

1. d4 Nf6 2. c4 e6 3. Nf3 b6 4. a3 Bb7 5. Nc3 d5 6. cxd5 Nxd5 7. e3 Be7 8. Bb5+
c6 9. Bd3 O-O 10. Qc2 h6 11. e4 Nxc3 12. bxc3 c5 13. O-O Nc6 14. Bb2 Rc8 15.
Qe2 Na5 16. Rad1 Qc7 17. Ne5 Bd6 18. Ng4 Bf4 19. e5 cxd4 20. cxd4 Rfd8 21. h4
Nc4 22. Nf6+ Kh8 23. Nh5 Nxb2 24. Qxb2 g5 25. hxg5 Bxg5 26. f4 Be7 27. Rc1 Qd7
28. Rxc8 Bxc8 29. Rc1 Bb7 30. Nf6 Bxf6 31. exf6 Qxd4+ 32. Qxd4 Rxd4 33. Rc7
Rxd3 34. Rxb7 Rxa3 35. Rxf7 Ra5 36. Kf2 Rf5 37. Ke3 h5 38. Rxa7 Rxf6 39. Rb7
Rg6 40. Rxb6 Rxg2 41. Rxe6 Kg7 42. f5 1/2-1/2

[Event "International Championship of Central Serbia 2015 - OPEN A"]
[Site "Paracin"]
[Date "2015.07.08"]
[Round "7.5"]
[White "Cvetkovic, Srdjan"]
[Black "Djukic, Nikola"]
[Result "1/2-1/2"]
[WhiteElo "2301"]
[BlackElo "2543"]
[PlyCount "39"]
[EventDate "2015.07.03"]

1. c4 g6 2. g3 Bg7 3. Bg2 Nf6 4. Nc3 O-O 5. Nf3 d5 6. cxd5 Nxd5 7. O-O Nc6 8.
Nxd5 Qxd5 9. d3 Qb5 10. Rb1 a5 11. a4 Qh5 12. Be3 Bh3 13. Qd2 Bxg2 14. Kxg2 Nb4
15. Rfc1 Nd5 16. Rc4 Nxe3+ 17. Qxe3 c6 18. Qxe7 Rae8 19. Qxb7 Rxe2 20. Qxc6
1/2-1/2

[Event "International Championship of Central Serbia 2015 - OPEN A"]
[Site "Paracin"]
[Date "2015.07.08"]
[Round "7.6"]
[White "Strugnell, Carl"]
[Black "Kadric, Denis"]
[Result "0-1"]
[WhiteElo "2275"]
[BlackElo "2511"]
[PlyCount "110"]
[EventDate "2015.07.03"]

1. e4 c5 2. Nf3 d6 3. Bb5+ Nd7 4. d4 cxd4 5. Qxd4 a6 6. Be2 Ngf6 7. O-O g6 8.
Nc3 Bg7 9. Rd1 O-O 10. e5 Ne8 11. Bf4 e6 12. Qe3 d5 13. Bh6 Qb6 14. Qc1 Qc7 15.
Re1 Nxe5 16. Nxe5 Bxe5 17. Bxf8 Bxh2+ 18. Kf1 Bf4 19. Qd1 Kxf8 20. Bf3 Bg5 21.
Qd4 Bf6 22. Qb4+ Nd6 23. Kg1 Kg7 24. Rad1 Nc4 25. Rxd5 exd5 26. Nxd5 Qa5 27.
Qxa5 Nxa5 28. Nb6 Rb8 29. Re8 Bxb2 30. Bd5 Bd4 31. Nxc8 Bc5 32. Kf1 Nc6 33.
Bxc6 bxc6 34. Re5 Bf8 35. Na7 Rb2 36. c4 c5 37. Re2 Rb1+ 38. Re1 Rb4 39. Rc1
Rb2 40. a3 Be7 41. a4 Bf6 42. Nc6 Rb6 43. Na5 Rb4 44. Rc2 Rxa4 45. Nb3 Be7 46.
Re2 Kf8 47. Rc2 Ra3 48. Nc1 Bf6 49. Na2 a5 50. Ke2 a4 51. Kd2 Rb3 52. Nc1 Bg5+
53. Ke2 Bxc1 54. Rxc1 Rb2+ 55. Ke3 a3 0-1

[Event "International Championship of Central Serbia 2015 - OPEN A"]
[Site "Paracin"]
[Date "2015.07.08"]
[Round "7.7"]
[White "Savic, Miodrag R"]
[Black "Abramovic, Bosko"]
[Result "1/2-1/2"]
[WhiteElo "2505"]
[BlackElo "2431"]
[PlyCount "57"]
[EventDate "2015.07.03"]

1. e4 e5 2. Nf3 Nc6 3. Bc4 Bc5 4. c3 Nf6 5. d3 O-O 6. O-O d6 7. Bb3 a6 8. h3
Ba7 9. Re1 Re8 10. Nbd2 Be6 11. Nf1 h6 12. Bc2 Qd7 13. Be3 Bxe3 14. Nxe3 Rad8
15. d4 exd4 16. Nxd4 d5 17. exd5 Nxd4 18. Qxd4 Bxd5 19. Nxd5 Qxd5 20. Rxe8+
Rxe8 21. Qxd5 Nxd5 22. Rd1 Nf6 23. f4 Kf8 24. Kf2 Re7 25. Rd8+ Re8 26. Rd1 Re7
27. Rd8+ Re8 28. Rd4 Re7 29. Rd8+ 1/2-1/2

[Event "International Championship of Central Serbia 2015 - OPEN A"]
[Site "Paracin"]
[Date "2015.07.08"]
[Round "7.8"]
[White "Radlovacki, Jovan"]
[Black "Zajic, Milan"]
[Result "1/2-1/2"]
[WhiteElo "2393"]
[BlackElo "2489"]
[PlyCount "52"]
[EventDate "2015.07.03"]

1. e4 g6 2. d4 Bg7 3. Nf3 d6 4. h3 Nf6 5. Nc3 O-O 6. Bg5 c6 7. Qd2 b5 8. a3 Bb7
9. Bd3 Nbd7 10. Bh6 e5 11. Bxg7 Kxg7 12. O-O a6 13. Rfe1 c5 14. dxe5 dxe5 15.
Bf1 Re8 16. Rad1 Qc7 17. Qd6 Qxd6 18. Rxd6 Re6 19. Rxe6 fxe6 20. Nd2 c4 21. f3
Nb6 22. Kf2 Rc8 23. Rc1 Kf7 24. b3 cxb3 25. cxb3 Ke7 26. Ke3 g5 1/2-1/2

[Event "International Championship of Central Serbia 2015 - OPEN A"]
[Site "Paracin"]
[Date "2015.07.08"]
[Round "7.9"]
[White "Ratkovic, Milovan"]
[Black "Narayanan, Srinath"]
[Result "0-1"]
[WhiteElo "2385"]
[BlackElo "2464"]
[PlyCount "66"]
[EventDate "2015.07.03"]

1. d4 Nf6 2. c4 e6 3. Nc3 Bb4 4. f3 c5 5. a3 Bxc3+ 6. bxc3 d5 7. cxd5 Nxd5 8.
dxc5 Qa5 9. e4 Ne7 10. Be3 O-O 11. Qc2 Nd7 12. Rb1 Qc7 13. Bc4 Nxc5 14. Ne2 e5
15. O-O b6 16. Ng3 Be6 17. Bxe6 Nxe6 18. Nf5 Nxf5 19. exf5 Nd4 20. Bxd4 exd4
21. f6 gxf6 22. Qf5 dxc3 23. Qxf6 Qc5+ 24. Kh1 Rac8 25. Rb4 h5 26. Rc4 Qa5 27.
g4 h4 28. Re4 c2 29. Qf4 Rc5 30. Rc1 Rd8 31. Re2 h3 32. Rce1 Qxe1+ 33. Rxe1 Rd1
0-1

[Event "International Championship of Central Serbia 2015 - OPEN A"]
[Site "Paracin"]
[Date "2015.07.08"]
[Round "7.10"]
[White "Filev, Georgi"]
[Black "Nestorovic, Nikola"]
[Result "1-0"]
[WhiteElo "2344"]
[BlackElo "2452"]
[PlyCount "119"]
[EventDate "2015.07.03"]

1. e4 e5 2. Nf3 Nc6 3. Bb5 a6 4. Ba4 Nf6 5. O-O b5 6. Bb3 Be7 7. Re1 d6 8. c3
O-O 9. d4 Bg4 10. d5 Na5 11. Bc2 c6 12. dxc6 Qc7 13. h3 Be6 14. Nbd2 h6 15. Nf1
Qxc6 16. Ng3 Rfe8 17. Nh4 Kh8 18. Nhf5 Bf8 19. Qf3 Ng8 20. Ne3 Nc4 21. Rd1 Nxe3
22. Bxe3 b4 23. Bd2 Rad8 24. Bb3 d5 25. exd5 Bxd5 26. Bxd5 Qxd5 27. Qe2 Qd3 28.
cxb4 Qxe2 29. Nxe2 Ne7 30. Bc3 Nd5 31. a3 g6 32. Be1 Bg7 33. Nc3 Nf4 34. Rxd8
Rxd8 35. Rd1 Nd3 36. Ne4 Rd7 37. f3 f5 38. Nf2 e4 39. Bc3 e3 40. Nxd3 Bxc3 41.
bxc3 e2 42. Re1 Rxd3 43. Rxe2 Rxc3 44. Re6 Rxa3 45. Rxg6 Kh7 46. Rf6 Rb3 47.
Rxf5 Rxb4 48. Rf6 Ra4 49. Kf2 Ra2+ 50. Kg3 a5 51. Ra6 a4 52. f4 a3 53. Kf3 h5
54. g4 hxg4+ 55. hxg4 Ra1 56. Ke4 Kg7 57. Kf5 a2 58. Ra7+ Kg8 59. g5 Kf8 60.
Kf6 1-0

[Event "International Championship of Central Serbia 2015 - OPEN A"]
[Site "Paracin"]
[Date "2015.07.08"]
[Round "7.11"]
[White "Vavulin, Maksim"]
[Black "Ratkovic, Miloje"]
[Result "1-0"]
[WhiteElo "2445"]
[BlackElo "2341"]
[PlyCount "85"]
[EventDate "2015.07.03"]

1. e4 c6 2. d3 d5 3. Nd2 Qc7 4. g3 Nf6 5. Bg2 Bg4 6. Ne2 dxe4 7. dxe4 e5 8. h3
Be6 9. f4 Na6 10. f5 Bd7 11. Nc3 O-O-O 12. Qe2 g6 13. g4 h5 14. Nb3 hxg4 15.
hxg4 Rxh1+ 16. Bxh1 gxf5 17. gxf5 Qb6 18. Be3 Bc5 19. Bg5 Be7 20. O-O-O Be8 21.
Re1 Nc5 22. Nd2 Qc7 23. a3 Kb8 24. Rg1 Ncd7 25. Qh2 b5 26. Nf3 Ka8 27. Qh4 b4
28. axb4 Rb8 29. Rd1 Bd8 30. b3 a5 31. bxa5 Qxa5 32. Kb2 Kb7 33. Ra1 Qc5 34.
Qe1 Kc8 35. Be3 Qb4 36. Ra4 Qb7 37. Qe2 Bb6 38. Bxb6 Nxb6 39. Ra5 Qe7 40. Nxe5
Qb4 41. Ra7 Qd4 42. Qa6+ Kd8 43. Qd3 1-0

[Event "International Championship of Central Serbia 2015 - OPEN A"]
[Site "Paracin"]
[Date "2015.07.08"]
[Round "7.12"]
[White "Carnic, Srdjan"]
[Black "Mohammad, Nubairshah Shaikh"]
[Result "1/2-1/2"]
[WhiteElo "2317"]
[BlackElo "2423"]
[PlyCount "46"]
[EventDate "2015.07.03"]

1. Nf3 d5 2. g3 Nf6 3. Bg2 c6 4. d4 g6 5. O-O Bg7 6. c4 O-O 7. Nbd2 Bf5 8. b3
Ne4 9. Bb2 Nd7 10. Nh4 Nxd2 11. Qxd2 Be6 12. cxd5 cxd5 13. Nf3 a5 14. Ng5 Qb6
15. Nxe6 Qxe6 16. a4 Rfb8 17. Qd3 Nf6 18. Rac1 Qa6 19. Rfd1 b5 20. axb5 Rxb5
21. Ba3 Bf8 22. Rc5 Rxc5 23. Qxa6 Rxa6 1/2-1/2

[Event "International Championship of Central Serbia 2015 - OPEN A"]
[Site "Paracin"]
[Date "2015.07.08"]
[Round "7.13"]
[White "Radovanovic, Nikola"]
[Black "Somborski, Nebojsa"]
[Result "1/2-1/2"]
[WhiteElo "2420"]
[BlackElo "2325"]
[PlyCount "125"]
[EventDate "2015.07.03"]

1. d4 d5 2. c4 e6 3. Nc3 Be7 4. Nf3 Nf6 5. Bg5 h6 6. Bh4 O-O 7. e3 Ne4 8. Bxe7
Qxe7 9. cxd5 Nxc3 10. bxc3 exd5 11. Qb3 Rd8 12. c4 Be6 13. c5 b6 14. Rc1 bxc5
15. Qa3 Nd7 16. Bb5 Bg4 17. Bxd7 Rxd7 18. Rxc5 Qe4 19. Ke2 Re8 20. Qc3 f5 21.
h3 Bh5 22. Qd3 Rde7 23. Rhc1 c6 24. Rxc6 f4 25. Rc8 fxe3 26. Rxe8+ Rxe8 27.
fxe3 Bxf3+ 28. gxf3 Qf4 29. Qb3 Kh8 30. Rf1 Qxd4 31. Rd1 Qe5 32. Rxd5 Qh2+ 33.
Kd3 Qxh3 34. Qd1 Rf8 35. f4 Rxf4 36. Qh5 Qf1+ 37. Qe2 Qxe2+ 38. Kxe2 Ra4 39.
Rd2 g5 40. Kf3 Kg7 41. e4 Kf6 42. Rd6+ Ke5 43. Rxh6 Rxa2 44. Rg6 Ra3+ 45. Kg4
Kxe4 46. Rxg5 a5 47. Rg8 a4 48. Ra8 Ra2 49. Kg3 a3 50. Ra7 Ke3 51. Ra8 Ra1 52.
Kg2 Kd3 53. Kf2 Kc3 54. Rc8+ Kb3 55. Ra8 Rh1 56. Rb8+ Kc2 57. Rc8+ Kb2 58. Rb8+
Ka1 59. Ke2 Rb1 60. Rc8 Rb7 61. Kd2 a2 62. Kc2 Rb2+ 63. Kc1 1/2-1/2

[Event "International Championship of Central Serbia 2015 - OPEN A"]
[Site "Paracin"]
[Date "2015.07.08"]
[Round "7.14"]
[White "Akman, Ozgur"]
[Black "Nestorovic, Dejan"]
[Result "0-1"]
[WhiteElo "1964"]
[BlackElo "2408"]
[PlyCount "106"]
[EventDate "2015.07.03"]

1. e4 c5 2. Nf3 e6 3. d4 cxd4 4. Nxd4 Nc6 5. Nb5 d6 6. c4 a6 7. Nd4 Nf6 8. Nc3
Qc7 9. Be2 Be7 10. Be3 O-O 11. O-O Ne5 12. Rc1 b6 13. f4 Ned7 14. Bf3 Bb7 15.
Qe2 Rfe8 16. b3 Bf8 17. Rfd1 Rac8 18. Bf2 e5 19. fxe5 dxe5 20. Nf5 g6 21. Ne3
Bb4 22. Ncd5 Bxd5 23. exd5 Bd6 24. Bg4 e4 25. h3 h5 26. Bxd7 Nxd7 27. c5 bxc5
28. Qxa6 Ra8 29. Qc6 Rxa2 30. Qxc7 Bxc7 31. d6 Bd8 32. Ra1 Rxa1 33. Rxa1 Bg5
34. Ra7 Bxe3 35. Bxe3 Rd8 36. Kf1 Kf8 37. Ke2 Ke8 38. Kd2 Rb8 39. Kc3 f6 40.
Kc4 Rb4+ 41. Kd5 Rxb3 42. Bh6 e3 43. Ke6 e2 44. Bd2 Re3+ 45. Bxe3 Nf8+ 46. Kxf6
e1=Q 47. Re7+ Kd8 48. Bg5 Nd7+ 49. Kxg6 Qb1+ 50. Kxh5 Kc8 51. Bf4 Qf5+ 52. Bg5
c4 53. Kh6 c3 0-1

[Event "International Championship of Central Serbia 2015 - OPEN A"]
[Site "Paracin"]
[Date "2015.07.08"]
[Round "7.15"]
[White "Smith, Bryan G"]
[Black "Tselkovskiy, Kirill"]
[Result "0-1"]
[WhiteElo "2479"]
[BlackElo "2137"]
[PlyCount "90"]
[EventDate "2015.07.03"]

1. e4 d6 2. d4 g6 3. Nc3 Bg7 4. Bg5 a6 5. Nf3 b5 6. a4 b4 7. Nd5 a5 8. Bd3 c6
9. Ne3 h6 10. Bh4 g5 11. Bg3 g4 12. Nh4 Bxd4 13. O-O Bxb2 14. Rb1 Bc3 15. Nxg4
h5 16. Ne3 Nf6 17. Qe2 Nbd7 18. f4 Nc5 19. e5 Ng4 20. Nef5 d5 21. h3 Nxd3 22.
cxd3 Nh6 23. Qxh5 Nxf5 24. Qxh8+ Kd7 25. Qh5 Nxg3 26. Qg4+ Kc7 27. Qxg3 c5 28.
Nf3 Bf5 29. Ng5 f6 30. exf6 exf6 31. Rbd1 Qg8 32. Kh2 Kc6 33. Nf3 Qxg3+ 34.
Kxg3 Kd6 35. Rf2 Re8 36. Ng1 Be1 37. Nf3 Bxf2+ 38. Kxf2 Rb8 39. g4 Bd7 40. g5
fxg5 41. Nxg5 b3 42. Nf7+ Kc7 43. Ke3 b2 44. Rb1 Bxa4 45. Kd2 Be8 0-1

[Event "International Championship of Central Serbia 2015 - OPEN A"]
[Site "Paracin"]
[Date "2015.07.08"]
[Round "7.16"]
[White "Dezelin, Milan"]
[Black "Lajthajm, Borko"]
[Result "0-1"]
[WhiteElo "2267"]
[BlackElo "2443"]
[PlyCount "133"]
[EventDate "2015.07.03"]

1. Nf3 Nf6 2. b3 d5 3. Bb2 Bg4 4. Ne5 Bh5 5. g3 e6 6. Bg2 Nbd7 7. O-O Nxe5 8.
Bxe5 Bd6 9. Bb2 c6 10. d3 O-O 11. c4 Re8 12. Qc2 e5 13. e4 dxe4 14. dxe4 Bc5
15. Nc3 Qd7 16. Na4 Bd4 17. Bxd4 exd4 18. f3 Rad8 19. Nc5 Qe7 20. Nd3 Nd7 21.
Rae1 f6 22. Qd2 Ne5 23. Rf2 a5 24. Nxe5 Qxe5 25. f4 Qc5 26. Qd3 Re7 27. Rd2 Qb4
28. Rc1 Bg6 29. Rcc2 a4 30. Rb2 a3 31. Rbc2 c5 32. Bf3 Rde8 33. f5 Bf7 34. Re2
Re5 35. Rc1 R8e7 36. Kg2 Be8 37. Kf2 Bc6 38. Rce1 h6 39. Qc2 Kf8 40. Qd3 Ke8
41. h4 Kd8 42. g4 Kc7 43. Rc1 Kd6 44. Bg2 b5 45. Qg3 Kd7 46. Qf4 Kc8 47. cxb5
Bxb5 48. Qd2 Kb7 49. Qxb4 cxb4 50. Rd2 d3 51. Ke3 h5 52. gxh5 Rxf5 53. Bf3 Rfe5
54. Kf4 Kb6 55. Rc8 Rc5 56. Rb8+ Kc7 57. Rf8 Rc6 58. Ke3 Rd6 59. Rd1 Kb6 60.
Rb8+ Ka5 61. Ra8+ Ba6 62. Rf8 Rc6 63. Rd2 Rec7 64. Bd1 Rc8 65. Rxc8 Rxc8 66.
Rg2 Rc1 67. Kd4 0-1

[Event "International Championship of Central Serbia 2015 - OPEN A"]
[Site "Paracin"]
[Date "2015.07.08"]
[Round "7.17"]
[White "Vujacic, Borivoje"]
[Black "Martynov, Pavel"]
[Result "1-0"]
[WhiteElo "2262"]
[BlackElo "2385"]
[PlyCount "49"]
[EventDate "2015.07.03"]

1. e4 e6 2. d4 d5 3. Nd2 c5 4. exd5 Qxd5 5. Ngf3 cxd4 6. Bc4 Qd7 7. O-O Nc6 8.
Nb3 Nf6 9. Nbxd4 Bc5 10. Nxc6 Qxc6 11. Qe2 O-O 12. Bg5 Nd5 13. Rad1 h6 14. Bc1
Nf6 15. Ne5 Qe4 16. Rfe1 Qxe2 17. Rxe2 b6 18. Be3 Bxe3 19. Rxe3 Bb7 20. Nd7
Nxd7 21. Rxd7 Bc6 22. Rd6 Rfc8 23. Ba6 Bd5 24. Bxc8 Rxc8 25. Rc3 1-0

[Event "International Championship of Central Serbia 2015 - OPEN A"]
[Site "Paracin"]
[Date "2015.07.08"]
[Round "7.18"]
[White "Baglan, Esat"]
[Black "Zivkovic, Ivan B"]
[Result "0-1"]
[WhiteElo "2257"]
[BlackElo "2347"]
[PlyCount "112"]
[EventDate "2015.07.03"]

1. e4 c5 2. c3 d5 3. exd5 Qxd5 4. d4 Nf6 5. Nf3 Bg4 6. Be2 e6 7. h3 Bh5 8. Be3
cxd4 9. cxd4 Nc6 10. Nc3 Qd6 11. Qb3 Qb4 12. g4 Bg6 13. Ne5 Bd6 14. O-O O-O 15.
g5 Nd5 16. Nxd5 exd5 17. Nxg6 Qxb3 18. axb3 hxg6 19. Kg2 Bc7 20. Bf3 Rad8 21.
h4 Bb6 22. Rad1 f5 23. gxf6 gxf6 24. Rfe1 Kg7 25. Rh1 Rh8 26. h5 g5 27. Rhe1
Rhe8 28. Bg4 Re4 29. Bf3 Rh4 30. Rh1 Rxh1 31. Kxh1 Kh6 32. Bg4 Re8 33. Kg2 Bc7
34. Rc1 Rd8 35. b4 Bd6 36. b5 Ne7 37. Ra1 f5 38. Bd1 Bb8 39. Bd2 Ng8 40. Bb4 g4
41. f3 Kxh5 42. fxg4+ fxg4 43. Bc2 Re8 44. Bd3 Kg5 45. Bd2+ Bf4 46. Bxf4+ Kxf4
47. Rf1+ Kg5 48. Rf5+ Kh4 49. Rxd5 Re3 50. Bc4 Nf6 51. Re5 Rg3+ 52. Kh2 Rf3 53.
Kg2 Nh5 54. Be2 Nf4+ 55. Kg1 Rb3 56. Re4 Kg3 0-1

[Event "International Championship of Central Serbia 2015 - OPEN A"]
[Site "Paracin"]
[Date "2015.07.08"]
[Round "7.19"]
[White "Pantelic, Sasa"]
[Black "Budimir, Boris"]
[Result "1/2-1/2"]
[WhiteElo "2324"]
[BlackElo "2236"]
[PlyCount "87"]
[EventDate "2015.07.03"]

1. d4 Nf6 2. c4 g6 3. Nc3 Bg7 4. g3 O-O 5. Bg2 d6 6. Nf3 Nc6 7. O-O Bf5 8. d5
Na5 9. Nd4 Bd7 10. b3 c5 11. dxc6 Nxc6 12. Bb2 Qa5 13. e4 Nxd4 14. Qxd4 Ng4 15.
Qd2 Qh5 16. h3 Nf6 17. Qd1 Qxd1 18. Raxd1 Bc6 19. Rfe1 Rfe8 20. e5 dxe5 21.
Rxe5 Bxg2 22. Kxg2 e6 23. Re2 a6 24. Na4 Rad8 25. Rxd8 Rxd8 26. Nc5 b5 27. Nxa6
bxc4 28. bxc4 Rc8 29. Rc2 Nd7 30. Bxg7 Kxg7 31. Nb4 Nc5 32. Kf3 Kf6 33. Ke3 Ke7
34. Nd3 Kd6 35. Kd4 Nxd3 36. Kxd3 Kc5 37. Rb2 Ra8 38. Rc2 f5 39. Kc3 Ra4 40.
Re2 Rxc4+ 41. Kb3 Rb4+ 42. Kc3 Rc4+ 43. Kb3 Rb4+ 44. Kc3 1/2-1/2

[Event "International Championship of Central Serbia 2015 - OPEN A"]
[Site "Paracin"]
[Date "2015.07.08"]
[Round "7.20"]
[White "Fernandez, Michael"]
[Black "Brankovic, Dejan"]
[Result "1/2-1/2"]
[WhiteElo "2249"]
[BlackElo "2322"]
[PlyCount "113"]
[EventDate "2015.07.03"]

1. c4 Nf6 2. g3 g6 3. Bg2 Bg7 4. Nc3 O-O 5. e4 d6 6. Nge2 e5 7. O-O c6 8. d3
Be6 9. f4 Qb6+ 10. Kh1 Ng4 11. Na4 Nf2+ 12. Kg1 Nh3+ 13. Kh1 Nf2+ 14. Kg1 Nxd1+
15. Nxb6 axb6 16. Rxd1 b5 17. cxb5 Rxa2 18. Rxa2 Bxa2 19. bxc6 Nxc6 20. Be3 Ra8
21. fxe5 dxe5 22. Ra1 Ra6 23. Nc1 Be6 24. Rxa6 bxa6 25. Kf2 Kf8 26. Ne2 Ke7 27.
Nc3 Kd6 28. Ke2 Bf6 29. Kd2 h5 30. h3 Bd8 31. Bh6 Nd4 32. Bf8+ Be7 33. Bxe7+
Kxe7 34. Ne2 a5 35. Ke3 Nb3 36. d4 Bc4 37. dxe5 Ke6 38. Nd4+ Kxe5 39. Nxb3 Bxb3
40. Bf3 Bc4 41. h4 Bb5 42. g4 hxg4 43. Bxg4 Bc6 44. Bf3 f6 45. Bg2 f5 46. exf5
Bxg2 47. fxg6 Be4 48. g7 Bh7 49. b3 Bg8 50. Kd3 Kd5 51. Kc3 Kc5 52. h5 Bh7 53.
Kb2 Kb4 54. h6 Bg8 55. Ka1 Ka3 56. Kb1 Kb4 57. Kb2 1/2-1/2

[Event "International Championship of Central Serbia 2015 - OPEN A"]
[Site "Paracin"]
[Date "2015.07.08"]
[Round "7.21"]
[White "Marholev, Dimitar"]
[Black "Livaja, Mario"]
[Result "1-0"]
[WhiteElo "2317"]
[BlackElo "2216"]
[Annotator "Natasa"]
[PlyCount "93"]
[EventDate "2015.07.03"]

1. Nf3 Nf6 2. c4 g6 3. Nc3 Bg7 4. e4 d6 5. d4 O-O 6. h3 c5 7. d5 e6 8. Bd3 exd5
9. exd5 Re8+ 10. Be3 Nbd7 11. O-O a6 12. a4 Nh5 13. g4 Nhf6 14. Qd2 h5 15. g5
Nh7 16. Kg2 Ne5 17. Nxe5 Rxe5 18. f4 Re8 19. Rf3 Nf8 20. Qc2 Bd7 21. Raf1 Bxc3
22. Qxc3 Bf5 23. b3 b5 24. Bc1 b4 25. Qd2 Qd7 26. Bb2 Bxd3 27. Rxd3 Qf5 28. Ba1
Nd7 29. Qb2 f6 30. gxf6 Kf7 31. Rg3 Nf8 32. Rg5 Qe4+ 33. Kh2 Qd3 34. Rf2 Re3
35. f5 Rxh3+ 36. Kg2 Rh4 37. Rf3 Qd1 38. Rf1 Rg4+ 39. Rxg4 Qxg4+ 40. Kh1 Qh3+
41. Kg1 gxf5 42. Re1 Qg3+ 43. Kf1 Ng6 44. Re6 Qf3+ 45. Ke1 Ne5 46. Qe2 Qxe2+
47. Kxe2 {unreadable} 1-0

[Event "International Championship of Central Serbia 2015 - OPEN A"]
[Site "Paracin"]
[Date "2015.07.08"]
[Round "7.22"]
[White "Popovic, Djordje D"]
[Black "Hjelmas, Lars"]
[Result "1-0"]
[WhiteElo "2219"]
[BlackElo "2291"]
[PlyCount "59"]
[EventDate "2015.07.03"]

1. d4 d5 2. c4 e5 3. dxe5 d4 4. Nf3 Nc6 5. g3 Nge7 6. Bg2 Ng6 7. Qa4 Bc5 8. O-O
O-O 9. Qb5 Bb6 10. Bg5 Qe8 11. c5 a6 12. Qc4 Be6 13. Qc1 Ba7 14. Rd1 h6 15.
Bxh6 gxh6 16. Qxh6 Qe7 17. Ng5 Rfd8 18. Bxc6 bxc6 19. Ne4 Bxc5 20. Nf6+ Qxf6
21. exf6 Bf8 22. Qc1 c5 23. Na3 Rd5 24. e4 Rh5 25. f4 Bg4 26. Nc4 Bh6 27. Rf1
Be2 28. Rf2 d3 29. Rxe2 dxe2 30. Qe3 1-0

[Event "International Championship of Central Serbia 2015 - OPEN A"]
[Site "Paracin"]
[Date "2015.07.08"]
[Round "7.23"]
[White "Radovanovic, Mihajlo"]
[Black "Djordjevic, Vuk"]
[Result "1-0"]
[WhiteElo "2245"]
[BlackElo "2287"]
[PlyCount "131"]
[EventDate "2015.07.03"]

1. Nf3 d5 2. c4 e6 3. d4 Nf6 4. g3 Be7 5. Bg2 O-O 6. Nc3 dxc4 7. Ne5 c5 8. dxc5
Qxd1+ 9. Nxd1 Bxc5 10. Nc3 Nc6 11. Nxc4 Bd7 12. O-O Rfd8 13. Bf4 Ne8 14. Rfd1
f6 15. Ne4 Bf8 16. Bd6 Bc8 17. Bxf8 Rxd1+ 18. Rxd1 Kxf8 19. Nc5 Rb8 20. Rd7
Bxd7 21. Nxd7+ Ke7 22. Nxb8 Nxb8 23. Bxb7 Nd6 24. Nxd6 Kxd6 25. Be4 f5 26. Bd3
Nd7 27. Kf1 g5 28. h3 Ne5 29. Ba6 h5 30. e3 Ng6 31. Kg2 Ne7 32. h4 g4 33. Bb5
Nd5 34. Kf1 Kc5 35. Ba4 e5 36. Be8 Nf6 37. Bg6 f4 38. exf4 exf4 39. gxf4 Kd4
40. Ke2 Nd5 41. f5 Ke5 42. Kd2 Nf6 43. Ke3 Nd5+ 44. Ke2 Nf6 45. Kf1 Kd4 46. Kg2
Ke5 47. b4 Nd5 48. a3 Nc3 49. Bxh5 Kxf5 50. Be8 Nd5 51. Bd7+ Kf4 52. Be6 Nc3
53. h5 Kg5 54. h6 Kxh6 55. Bxg4 Kg5 56. Bd7 Kf4 57. Bc6 Na2 58. Kf1 Nc1 59. a4
Ke5 60. b5 Nb3 61. Ke2 Kd6 62. Ke3 a5 63. Be4 Nc5 64. Bc2 Ke5 65. f4+ Kd5 66.
Kf3 1-0

[Event "International Championship of Central Serbia 2015 - OPEN A"]
[Site "Paracin"]
[Date "2015.07.08"]
[Round "7.24"]
[White "Stefanov, Emil"]
[Black "Marjanovics, Annamaria"]
[Result "0-1"]
[WhiteElo "2088"]
[BlackElo "2277"]
[PlyCount "62"]
[EventDate "2015.07.03"]

1. d4 Nf6 2. c4 e6 3. g3 d5 4. Nf3 Bb4+ 5. Bd2 Be7 6. Bg2 O-O 7. O-O b6 8. Ne5
c6 9. Qc2 Ba6 10. Rd1 Nfd7 11. cxd5 cxd5 12. Bf4 Nxe5 13. dxe5 Qd7 14. e4 d4
15. Nc3 Rd8 16. Be3 Nc6 17. Qa4 Qb7 18. Rxd4 Nxd4 19. Bxd4 b5 20. Qd1 Bc5 21.
Nd5 Bxd4 22. Nf6+ gxf6 23. Qg4+ Kh8 24. exf6 Rg8 25. Qh5 Qc7 26. Re1 Rg6 27. e5
Bb7 28. Be4 Bxe4 29. Rxe4 Rd8 30. Qh4 Bxf2+ 31. Kxf2 Qc2+ 0-1